| 000 | 00604nam a2200217 a 4500 | ||
|---|---|---|---|
| 999 |
_c677 _d677 |
||
| 008 | 191010s1993 ii o|||g |||| 00| 0 eng d | ||
| 020 |
_a9780140169010 _cRs. 399.00 |
||
| 040 |
_aKO _beng |
||
| 041 | 0 | _aeng | |
| 044 | _aii | ||
| 082 | 0 | 4 |
_223 _a923.3 _bL15 |
| 100 | 1 | _aLala, R. M. | |
| 245 | 1 | 0 |
_aBeyond The Last Blue Mountain : _bA Life of J. R. D. Tata / _cR. M. Lala |
| 260 |
_aNew Delhi : _bPenguin Books India Pvt. Ltd. , _c1993 |
||
| 300 |
_axvi, 402 p. ; _c22 cm. |
||
| 600 | 1 | _aTata, J. R. D. | |
| 650 | 0 |
_aIndustrialsists _zIndia _vBiography |
|
| 904 | _aA_BOSE | ||
| 942 | _cBK | ||